|
|
|
|
| LEADER |
01297nam a2200373 4500 |
| 001 |
DLU110115737 |
| 005 |
##20110214 |
| 040 |
# |
# |
|a DLU
|b vie
|
| 041 |
# |
# |
|a vie
|
| 044 |
# |
# |
|a vn
|
| 082 |
# |
# |
|a 338.477
|b VU-T
|
| 100 |
# |
# |
|a Vũ Quốc Tuấn.
|
| 245 |
# |
# |
|a Làng nghề, phố nghề Thăng Long - Hà Nội trên đường phát triển /
|c Vũ Quốc Tuấn, Nguyễn Vi Khải, Bùi Văn Vượng.
|
| 260 |
# |
# |
|a H. :
|b NXB. Hà nội,
|c 2010.
|
| 300 |
# |
# |
|a 392 tr. ;
|c 24 cm.
|
| 490 |
# |
# |
|a Tủ sách Thăng Long 1000 năm.
|
| 504 |
# |
# |
|a Tài liệu tham khảo: tr. 384-387.
|
| 505 |
# |
# |
|a Chương một. Làng nghề, phố nghề Thăng Long - Hà Nội trong lịch sử -- Chương hai. Thực trạng làng nghề, phố nghề Hà Nội -- Chương ba. Làng nghề, phố nghề Thăng Long - Hà Nội trong thời kỳ phát triển mới.
|
| 653 |
# |
# |
|a Hà Nội (Việt Nam)
|
| 653 |
# |
# |
|a Làng nghề truyền thống
|
| 653 |
# |
# |
|a Nghề thủ công
|
| 700 |
# |
# |
|a Bùi Văn Vượng,
|c ThS.
|
| 700 |
# |
# |
|a Nguyễn Vi Khải.
|
| 923 |
# |
# |
|a 18/2010
|
| 991 |
# |
# |
|a SH
|
| 992 |
# |
# |
|a 20000
|
| 994 |
# |
# |
|a DLU
|
| 900 |
# |
# |
|a True
|
| 911 |
# |
# |
|a Đào Thị Thu Huyền
|
| 925 |
# |
# |
|a G
|
| 926 |
# |
# |
|a A
|
| 927 |
# |
# |
|a SH
|
| 980 |
# |
# |
|a Thư viện Trường Đại học Đà Lạt
|